| 000 | 02149nam a22002657a 4500 | ||
|---|---|---|---|
| 008 | 100816t xxu||||| |||| 00| 0 eng d | ||
| 082 |
_222 _a246 _bع ر ب |
||
| 100 |
_917503 _aبن عربى, محيى الدين |
||
| 245 |
_aالفتوحات المكية / _cمحيى الدين بن عربى؛ تحقيق وتقديم عثمان يحيى؛ تصدير ومراجعة إبراهيم مدكور |
||
| 260 |
_aالقاهرة: _bالهيئة المصرية العامة للكتاب, _cس.1972 |
||
| 300 |
_aمج؛ _c35 سم. |
||
| 500 | _aالمجلس الأعلى لرعاية الآداب والفنون والعلوم الإجتماعية بالتعاون مع معهد الدراسات العليا فى السوربون | ||
| 650 |
_915091 _aتصوف اسلامى |
||
| 650 |
_917359 _aالتراث العربي |
||
| 700 |
_917506 _aيحيى, عثمان _cمحقق ومراجع |
||
| 700 |
_917507 _aمدكور, إبراهيم _cتصدير ومراجعة |
||
| 942 |
_2ddc _cARCH |
||
| 999 |
_c14667 _d14667 |
||